000 00462pam a2200157a 44500
008 230515b2013 xxu||||| |||| 00| 0 eng d
020 _aNULL
041 _aENGLISH
082 _a1
100 _aDESHAMUKH APARNA
245 _aTO STUDY THE SHODHAN EFFECT OF DEVDAR AS VRANA DHOOPAN DRAVYA IN DUSHTAVRANA.
250 _a1
260 _a
_bN.D.
_c2013
300 _a500
650 _aTO STUDY THE SHODHAN EFFECT OF DEVDAR AS VRANA DHOOPAN DRAVYA IN DUSHTAVRANA.
999 _c498554
_d498554